000 01728nam0a2200337 4500
001 RU\NLR\BIBL_A\012533078
005 20210705171022.0
010 _a978-5-907394-34-6
_92000
021 _aRU
_bКН-П-21-002430
_9КН-П-21-0183
035 _a(NLR Aleph) 012533078
035 _a(RuMoRGB)010558760
090 _a12372663
_c12372663
100 _a20210601d2021 k y0rusy50 ca
101 1 _arus
_ceng
102 _aRU
105 _aa z 000zy
200 1 _aНовое долголетие
_eна чем будет строиться благополучие людей в меняющемся мире
_e[в 60+ лет жизнь только начинается]
_fЭндрю Скотт, Линда Граттон
_gпереводчик с англ. В. Скворцов
210 _aМосква
_cАльпина Паблишер
_cИнтеллектуальная Литература
_d2021
215 _a319, [2] с.
_cил.
_d22
300 _aПер. изд.: The new long life : a framework for flourishing in a changing world / Andrew J. Scott, Lynda Gratton. London [etc.] : Bloomsbury, 2019
320 _aБиблиогр. в примеч.: с. 304-318
333 _a12+
454 1 _12001#$aThe new long life$fAndrew J. Scott, Lynda Gratton
_1210##$aLondon [etc.]$cBloomsbury$d2019
_1700#1$aScott$bA.J.$gAndrew J.
_1701#1$aGratton$bL.$gLynda
_tThe new long life
_aScott, Andrew J.
606 1 _aФутурология (социол.)
_92144422
_3RU\NLR\AUTH\661292105
686 1 _aС550.373.11
700 1 _aСкотт
_bЭ.
_f1965-
_gЭндрю
701 1 _aГраттон
_bЛ.
_f1955-
_gЛинда
942 _cBOOK
980 _aNB